Name countries that no longer exist #3 - Statistics

General Stats
  • This quiz has been taken 31 times
  • The average score is 3 of 8
Answer Stats
Picture Answer % Correct
Texas
96%
British Empire
63%
Spanish Empire
52%
Italian Empire
48%
Kingdom of France
26%
Polish Lithuania
26%
Kingdom of Portugal
22%
Confederate States of Ameica, CSA
4%
No matching quizzes found
Score Distribution
Percent of People with Each Score
Percentile by Number Answered
Your Score History
You have not taken this quiz